000 00512nam a2200169Ia 4500
008 240729s9999 xx 000 0 und d
022 _a2813-7302
245 0 _aFrontiers in Disaster and Emergency Medicine
260 _aSwitzerland
260 _bFrontiers Media S.A.
650 _a Internal medicine
650 _a Medical emergencies. Critical care. Intensive care. First aid
650 _aMedicine
856 _uhttps://doaj.org/toc/4fd3a4b6f9da424ab3ad6d79c27c560c
942 _2ddc
942 _cDOAJEJ
999 _c67981
_d67981
945 _a1
_bMadushi Gamage
_c1
_dMadushi Gamage